Inmigración en Suiza por país - Estadísticas

Estadísticas generales
  • Esta prueba ha sido intentada 71 veces
  • La puntuación promedio es 13 de 20
Estadísticas de respuestas
Población País % Correcto
343 817 Italia
98%
327 476 Alemania
97%
97 560 España
97%
167 130 Francia
97%
261 661 Portugal
95%
47 657 Austria
85%
47 332 Polonia
83%
38 577 Reino Unido
83%
35 841 Rumania
80%
22 534 Países Bajos
78%
30 416 Hungría
72%
32 241 Croacia
70%
56 618 Serbia
70%
71 573 Turquía
68%
27 044 Bosnia y Herzegovina
55%
24 166 Brasil
47%
116 842 Kosovo
35%
70 152 Macedonia del Norte
33%
35 780 Eritrea
3%
27 215 Sri Lanka
2%
No se encontraron pruebas coincidentes
Distribución de puntuación
Porcentaje de gente con cada puntuación
Porcentaje por número respondido
Historial de tus puntuaciones
No has intentado esta prueba.